000 00590nam a2200229 i 4500
001 C2-0085593
003 PPAK
005 20180727090553.0
008 970430s1989 my |||| ||||| | may d
040 _aPPAK
_beng
_cPPAK
_erda
082 0 4 _a539
_223
090 0 0 _a539
_bMUH
_dG
100 0 _aMuhammad Yahaya,
_eauthor
245 1 0 _aFizik moden
264 1 _aKuala Lumpur :
_bDewan Bahasa dan Pustaka ,
_c1989
300 _a168 pages ;
_c22 cm
336 _2rdacontent
_atext
337 _2rdamedia
_aunmediated
338 _2rdacarrier
_avolume
650 1 0 _aPhysics
942 _ddc
_cB
999 _c17184
_d17184